000 00553cam a22001934a 4500
005 20250605164248.0
008 250528s ||||||||||||||||||||||||d
035 _a21619
040 _aGR-AtMCL
_bgre
_dGR-AtMCL
_eAACR2
245 1 _aΓΕΝΙΚΑ ΜΑΘΗΜΑΤΙΚΑ
250 _a1
260 _bMcgraw Hill,
_c1983
300 _a355
520 _aΠΕΡΙΕΧΕΙ ΘΕΩΡΙΑ, 950 ΛΥΜΕΝΑ ΠΡΟΒΛΗΜΑΤΑ ΚΑΙ 1098 ΑΛΥΤΑ ΠΡΟΒΛΗΜΑΤΑ
700 1 _aAyres Frank
_97574
942 _cBK
999 _c6680
_d6680